Common Elements 1 - Statistics

General Stats
  • This quiz has been taken 19 times
  • The average score is 18 of 22
Answer Stats
Hint Answer % Correct
C Carbon
100%
Al Aluminum
93%
Ar Argon
93%
Be Beryllium
93%
B Boron
93%
Cl Chlorine
93%
Co Cobalt
93%
Am Americium
86%
As Arsenic
86%
Bi Bismuth
86%
Br Bromine
86%
Cd Cadmium
86%
Ca Calcium
86%
Cu Copper
86%
Eu Europium
86%
Cs Cesium
79%
At Astatine
71%
Ba Barium
71%
Cr Chromium
71%
Ac Actinium
64%
Sb Antimony
64%
Ds Darmstadtium
57%
No matching quizzes found
Score Distribution
Percent of People with Each Score
Percentile by Number Answered
Your Score History
You have not taken this quiz